Gruppo del carbonio - Statistics

Statistiche generali
  • Questo quiz è stato fatto 20 volte
  • Il punteggio medio è 5 su 5
Statistiche sulle risposte
Z Simbolo Elemento % Corretto
6 C Carbonio
100%
14 Si Silicio
100%
32 Ge Germanio
94%
82 Pb Piombo
89%
50 Sn Stagno
83%
Nessun quiz corrispondente trovato
Distribuzione punteggi
Percentuale di utenti per punteggio
Percentile per numero di risposta
I tuoi punteggi nel tempo
Non hai fatto questo quiz